Estadísticas para Siglo XX

Haz click aquí para intentar la prueba.

Estadísticas generales

  • Esta prueba ha sido intentada 84 veces
  • La puntuación promedio es 11 de 20

Estadísticas de respuestas

AñoDescripciónRespuesta% Correcto
1945–1991Los EE.UU. y la Unión Soviética luchan esta "guerra"La Guerra Fría
96%
1912Este famoso transatlántico choca contra un iceberg y se hundeRMS Titanic
92%
1969Este hombre se convierte en el primero en pisar la LunaNeil Armstrong
88%
1918–1920Esta pandemia mata a más del 3% de la población mundial.Gripe {Española}
81%
1962EE.UU. y la Unión Soviética mantienen un tenso pulso sobre los misiles en este paísCuba
79%
1922Este "ismo" adquiere importancia cuando Benito Mussolini se convierte en líder de Italia.Fascismo
75%
1941Las fuerzas japonesas atacan por sorpresa esta base navalPearl Harbor
71%
1915Este imperio mata sistemáticamente a unos 1,5 millones de armeniosImperio Otomano
69%
1979Los manifestantes toman el poder en este país e instauran una teocraciaIrán
64%
1999Los niveles atmosféricos de este gas de efecto invernadero alcanzan las 365ppm, un aumento de más del 25% desde 1900Dióxido de Carbono
60%
1930Este líder marcha hacia el mar para conseguir sal y desafiar el dominio británicoMahatma Gandhi
60%
1914Este archiduque es asesinado, desencadenando la Primera Guerra MundialFrancisco Fernando
56%
1958–1961El "Gran Salto Adelante" de este gobernante provoca la muerte por hambre de 30 millones de personasMao Zedong
44%
1936Este rey británico abdicaEduardo VIII
33%
1955Jonas Salk anuncia una vacuna para esta enfermedadPolio
28%
1908–1927Este modelo de coche, apodado "Tin Lizzie", vende más de 16,5 millones de unidadesFord T
25%
1946El ENIAC es aclamado como el primer ejemplo mundial de este dispositivo moderno comúnComputador
24%
1933Esta figura política dice que "lo único que tenemos que temer es al propio miedo"Franklin D. Roosevelt
15%
1927Este piloto se convierte en el primero en realizar un vuelo en solitario sin escalas de Nueva York a ParísCharles Lindbergh
10%
1916Margaret Sanger abre la primera clínica estadounidense que ofrece información sobre esta prácticaControl de Natalidad
6%

Distribución de puntuación

Porcentaje por número respondido

Porcentaje de gente con cada puntuación

Historial de tus puntuaciones

No has intentado esta prueba.